[Event "Reykjavik op"]
[Site "Reykjavik"]
[Date "2024.03.18"]
[Round "6"]
[White "Gulbinski, Michal"]
[Black "Gislason, Gudmundur"]
[Result "0-1"]
[WhiteElo "1671"]
[BlackElo "2266"]
[PlyCount "68"]
[EventDate "2024.03.15"]
[EventType "swiss"]
[EventRounds "9"]
[EventCountry "ISL"]
[SourceTitle "CB13_2024"]
[SourceDate "2024.03.27"]
[SourceVersion "1"]
[SourceVersionDate "2024.03.27"]
[SourceQuality "1"]

1. d4 Nf6 2. Nf3 g6 3. Bf4 Bg7 4. e3 d6 5. h3 0-0 6. Be2 c5 7. c3 Qb6 8. Qb3 Nc6 9. 0-0 Be6 10. Qxb6 axb6 11. a3 h6 12. Nbd2 Nd7 13. Bh2 f5 14. Rfe1 d5 15. Bd3 Bf7 16. Rad1 Rfe8 17. Bc2 e5 18. dxe5 Ndxe5 19. Nxe5 Bxe5 20. Nf3 Bxh2+ 21. Kxh2 Kg7 22. Bb3 Red8 23. Rd2 Rd6 24. Red1 Rad8 25. h4 Kf6 26. g3 b5 27. Kg1 g5 28. hxg5+ hxg5 29. Ba2 g4 30. Nh4 Ne5 31. Kf1 Nf3 32. Nxf3 gxf3 33. c4 Rh8 34. Kg1 Kg5 0-1

[Event "ISL-chT Kvika 2223"]
[Site "Reykjavik"]
[Date "2022.10.14"]
[Round "2.1"]
[White "Gislason, Gudmundur"]
[Black "Gunnarsson, Arnar"]
[Result "0-1"]
[WhiteElo "2293"]
[BlackElo "2397"]
[PlyCount "106"]
[EventDate "2022.10.13"]
[EventType "team-tourn"]
[EventRounds "10"]
[EventCountry "ISL"]
[SourceTitle "CBM 213 Extra"]
[Source "ChessBase"]
[SourceDate "2023.05.31"]
[SourceVersion "1"]
[SourceVersionDate "2023.05.31"]
[SourceQuality "1"]
[WhiteTeam "Breidjblik Skakdeild"]
[BlackTeam "Skakdeild KR"]
[WhiteTeamCountry "ISL"]
[BlackTeamCountry "ISL"]

1. d4 Nf6 2. Nf3 g6 3. g3 Bg7 4. Bg2 0-0 5. 0-0 d6 6. Re1 Nbd7 7. e4 e5 8. h3 Re8 9. Nc3 c6 10. Be3 Qc7 11. Qd2 b5 12. a3 Bb7 13. Bh6 a5 14. Bxg7 Kxg7 15. b3 Nb6 16. a4 b4 17. Nd1 Nbd7 18. Nb2 Ba6 19. Rad1 Rad8 20. Nh4 h6 21. c3 Rb8 22. c4 Rbd8 23. Kh2 Qb6 24. d5 cxd5 25. exd5 Nc5 26. Re3 Re7 27. Rde1 Rde8 28. f4 Qd8 29. fxe5 Rxe5 30. Rxe5 Rxe5 31. Rxe5 dxe5 32. Qe3 Nfd7 33. Nf3 Qf6 34. Nd3 Nxd3 35. Qxd3 Qd6 36. Qe3 f5 37. Qa7 Kf6 38. Qa8 Nb8 39. c5 Qc7 40. c6 Bd3 41. Nd2 Ke7 42. Bf1 Bxf1 43. Nxf1 Kd6 44. Ne3 f4 45. Nc4+ Kxd5 46. Nb6+ Ke6 47. Qxa5 Qxc6 48. Nc4 Qe4 49. Qxb4 Qe2+ 50. Kg1 Qd1+ 51. Kf2 Qd4+ 52. Ke2 Nc6 53. gxf4 Nxb4 0-1

[Event "ISL-chT1 2122"]
[Site "Reykjavik"]
[Date "2022.03.04"]
[Round "7.1"]
[White "Gislason, Gudmundur"]
[Black "Karlsson, Bjorn Ivar"]
[Result "0-1"]
[WhiteElo "2308"]
[BlackElo "2295"]
[PlyCount "80"]
[EventDate "2021.09.30"]
[EventType "team-tourn"]
[EventRounds "10"]
[EventCountry "ISL"]
[SourceTitle "EXT 2024"]
[Source "ChessBase"]
[SourceDate "2023.10.10"]
[SourceVersion "1"]
[SourceVersionDate "2023.10.10"]
[SourceQuality "1"]
[WhiteTeam "Breidjablik Bolungarvik"]
[BlackTeam "Skakfelag Akureyrar"]
[WhiteTeamCountry "ISL"]
[BlackTeamCountry "ISL"]

1. c4 e5 2. Nc3 Nf6 3. g3 d5 4. cxd5 Nxd5 5. Bg2 Nb6 6. Nf3 Nc6 7. d3 Be7 8. 0-0 0-0 9. Bd2 Re8 10. Rc1 Bf8 11. Ne4 Nd4 12. b4 c6 13. a4 a6 14. Nc5 Nd5 15. Nxd4 exd4 16. Rc4 Nb6 17. Rc1 Nd5 18. a5 g6 19. Re1 Bg7 20. Na4 Be6 21. Nc5 Bc8 22. e4 dxe3 23. fxe3 Nc7 24. Qb3 Nb5 25. Rf1 Qe7 26. d4 Be6 27. Nxe6 fxe6 28. Bh3 Rad8 29. Rf4 Nc7 30. Rcf1 Nd5 31. R4f2 Rf8 32. e4 Rxf2 33. Rxf2 Nc7 34. e5 Rxd4 35. Be3 Rxb4 36. Qc2 Rb5 37. Qe2 Rxe5 38. Qf3 Nd5 39. Ba7 Nf6 40. Kg2 Rd5 0-1

[Event "ISL-ch Online Rapid"]
[Site "Tornelo INT"]
[Date "2020.12.26"]
[Round "5"]
[White "Gislason, Gudmundur"]
[Black "Thorgeirsson, Jon Kristinn"]
[Result "1-0"]
[WhiteElo "2308"]
[BlackElo "2255"]
[PlyCount "97"]
[EventDate "2020.12.26"]
[EventType "tourn (rapid)"]
[EventRounds "7"]
[EventCountry "ISL"]
[SourceTitle "CBM 199 Extra"]
[Source "ChessBase"]
[SourceDate "2021.01.31"]
[SourceVersion "1"]
[SourceVersionDate "2021.01.31"]
[SourceQuality "1"]

1. Nf3 Nc6 2. d4 d6 3. g3 Nf6 4. Bg2 g6 5. 0-0 Bg7 6. h3 0-0 7. d5 Ne5 8. Nd4 c5 9. dxc6 Nxc6 10. Nb3 Be6 11. Nc3 Rc8 12. Kh2 Ne5 13. Nd4 Bd7 14. Bxb7 Rc7 15. Bg2 Qc8 16. Bg5 Rc4 17. Bxf6 exf6 18. Nd5 Re8 19. c3 f5 20. e3 Qb8 21. b3 Rcc8 22. c4 a5 23. a4 Rc5 24. Nb5 g5 25. f4 gxf4 26. exf4 Ng6 27. Qd3 h5 28. h4 Kh8 29. Rae1 Rcc8 30. Qf3 Bxb5 31. axb5 Qa7 32. Qxh5+ Kg8 33. Qf3 a4 34. b6 Qa5 35. b4 Qa6 36. Rxe8+ Rxe8 37. Nc7 Qxb6 38. Nxe8 Qxb4 39. h5 Nf8 40. Nxg7 Kxg7 41. Qd3 Ne6 42. Bd5 Qb2+ 43. Kh3 a3 44. Bxe6 fxe6 45. Qxd6 a2 46. Qe7+ Kh8 47. Qxe6 a1Q 48. Rxa1 Qxa1 49. Qe5+ 1-0

[Event "ISL-ch Blitz"]
[Site "Tornelo INT"]
[Date "2020.12.12"]
[Round "2"]
[White "Gislason, Gudmundur"]
[Black "Stefansson, Hannes"]
[Result "1/2-1/2"]
[WhiteElo "2308"]
[BlackElo "2536"]
[PlyCount "62"]
[EventDate "2020.12.12"]
[EventType "tourn (blitz)"]
[EventRounds "15"]
[EventCountry "ISL"]
[EventCategory "5"]
[SourceTitle "CBM 199 Extra"]
[Source "ChessBase"]
[SourceDate "2021.01.31"]
[SourceVersion "1"]
[SourceVersionDate "2021.01.31"]
[SourceQuality "1"]

1. d4 Nf6 2. Nf3 b6 3. g3 Bb7 4. Bg2 g6 5. 0-0 Bg7 6. Nc3 0-0 7. Qd3 e6 8. e4 d5 9. exd5 exd5 10. Re1 Ne4 11. Ne5 Nd7 12. Nxd7 Qxd7 13. Bf4 Nxc3 14. Qxc3 c5 15. Be3 Rac8 16. Qd2 cxd4 17. Bxd4 Bxd4 18. Qxd4 Rxc2 19. Rad1 Re8 20. Rxe8+ Qxe8 21. a4 Rc4 22. Qf6 Rxa4 23. Rc1 Qd7 24. Re1 Rc4 25. Re7 Rc1+ 26. Bf1 Qxe7 27. Qxe7 Ba6 28. Qe8+ Kg7 29. Qe5+ Kg8 30. Qe8+ Kg7 31. Qe5+ Kg8 1/2-1/2

[Event "ISL-ch Blitz"]
[Site "Tornelo INT"]
[Date "2020.12.12"]
[Round "14"]
[White "Hjartarson, Johann"]
[Black "Gislason, Gudmundur"]
[Result "1/2-1/2"]
[WhiteElo "2525"]
[BlackElo "2308"]
[PlyCount "68"]
[EventDate "2020.12.12"]
[EventType "tourn (blitz)"]
[EventRounds "15"]
[EventCountry "ISL"]
[EventCategory "5"]
[SourceTitle "CBM 199 Extra"]
[Source "ChessBase"]
[SourceDate "2021.01.31"]
[SourceVersion "1"]
[SourceVersionDate "2021.01.31"]
[SourceQuality "1"]

1. e4 c5 2. Nf3 g6 3. c3 Bg7 4. d4 cxd4 5. cxd4 d5 6. e5 Nc6 7. Nc3 h5 8. Be2 Nh6 9. Bxh6 Bxh6 10. 0-0 e6 11. a3 0-0 12. b4 Bd7 13. Qd3 Ne7 14. Nd1 Rc8 15. Ne3 a6 16. Qb3 Qb6 17. Rfc1 Rxc1+ 18. Rxc1 Nf5 19. Rc5 Nxe3 20. fxe3 f6 21. exf6 Rxf6 22. h3 Qd6 23. Ne5 Bc6 24. Bxa6 bxa6 25. Rxc6 Qf8 26. Kh2 Rf1 27. Qc2 Bf4+ 28. g3 Bxe5 29. Qxg6+ Bg7 30. Qxe6+ Kh8 31. Rc8 Rf2+ 32. Kg1 Rf1+ 33. Kg2 Rf2+ 34. Kg1 Rf1+ 1/2-1/2

[Event "EU-ch Online 2300+ Qual"]
[Site "Chess.com INT"]
[Date "2020.05.29"]
[Round "2"]
[White "Gislason, Gudmundur"]
[Black "Fries Nielsen, Jens Ove"]
[Result "1-0"]
[WhiteElo "2308"]
[BlackElo "2380"]
[PlyCount "87"]
[EventDate "2020.05.29"]
[EventType "swiss"]
[EventRounds "8"]
[EventCountry "NET"]
[SourceTitle "CBM 196 Extra"]
[Source "ChessBase"]
[SourceDate "2020.07.31"]
[SourceVersion "1"]
[SourceVersionDate "2020.07.31"]
[SourceQuality "1"]

1. Nf3 e6 2. g3 g5 3. d4 g4 4. Ne5 f5 5. h3 d6 6. Nd3 Nf6 7. Bg5 Be7 8. hxg4 Nxg4 9. Bxe7 Qxe7 10. Nf4 Rg8 11. Nd2 Nc6 12. Nf3 d5 13. e3 Bd7 14. c3 0-0-0 15. Qc2 Kb8 16. 0-0-0 Bc8 17. Bb5 Rd6 18. Nd3 Na5 19. b4 Nc4 20. Bxc4 dxc4 21. Nde5 b5 22. a4 Bb7 23. axb5 Rb6 24. Rh4 Nf6 25. Nd2 Rxb5 26. Ndxc4 Nd5 27. Na5 Rb6 28. Rdh1 Rg7 29. Nxb7 Kxb7 30. Nd3 Ka8 31. Nc5 Nf6 32. Qa2 Nd5 33. Kd2 Qd8 34. Rxh7 Rxh7 35. Rxh7 Qg8 36. Rh1 c6 37. Ra1 Qh7 38. Nxe6 Kb8 39. Nf4 Qd7 40. Rh1 Kb7 41. Nd3 Qg7 42. Ne5 Ra6 43. Qc4 Qc7 44. b5 1-0

[Event "Selfoss op"]
[Site "Selfoss"]
[Date "2019.11.29"]
[Round "7"]
[White "Gislason, Gudmundur"]
[Black "Hardarson, Petur Palmi"]
[Result "0-1"]
[WhiteElo "2336"]
[BlackElo "1993"]
[PlyCount "71"]
[EventDate "2019.11.21"]
[EventType "swiss"]
[EventRounds "7"]
[EventCountry "ISL"]
[SourceTitle "CBM 193 Extra"]
[Source "ChessBase"]
[SourceDate "2020.01.31"]
[SourceVersion "1"]
[SourceVersionDate "2020.01.31"]
[SourceQuality "1"]

1. d4 Nf6 2. g3 g6 3. Bg2 Bg7 4. e4 d6 5. Ne2 0-0 6. h3 c5 7. d5 Na6 8. 0-0 Rb8 9. a4 Nc7 10. Na3 Nd7 11. Nc4 a6 12. Bd2 Ne5 13. Nxe5 Bxe5 14. Qc1 b5 15. Bh6 Bg7 16. Bxg7 Kxg7 17. f4 Na8 18. axb5 axb5 19. f5 Nb6 20. Kh1 Nc4 21. Ra7 Bd7 22. b4 cxb4 23. Nd4 Ra8 24. Qa1 Ne5 25. Rb1 Rxa7 26. Qxa7 Qa8 27. Ra1 Qxa7 28. Rxa7 Rc8 29. Bf1 gxf5 30. exf5 Rc5 31. Ne6+ fxe6 32. fxe6 Be8 33. Rxe7+ Kf8 34. Rxh7 Rc4 35. c3 Rxc3 36. Rh8+ 0-1

[Event "ISL-chT1 1819"]
[Site "Reykjavik"]
[Date "2019.03.02"]
[Round "8.3"]
[White "Gislason, Gudmundur"]
[Black "Carlsson, Pontus"]
[Result "0-1"]
[WhiteElo "2315"]
[BlackElo "2454"]
[PlyCount "85"]
[EventDate "2018.11.08"]
[EventType "team-tourn"]
[EventRounds "9"]
[EventCountry "ISL"]
[SourceTitle "CBM 189 Extra"]
[Source "ChessBase"]
[SourceDate "2019.06.03"]
[SourceVersion "1"]
[SourceVersionDate "2019.06.03"]
[SourceQuality "1"]
[WhiteTeam "Breidjablik Bolungavik"]
[BlackTeam "Skakdeild Fjolnis"]
[WhiteTeamCountry "ISL"]
[BlackTeamCountry "ISL"]

1. d4 Nf6 2. Nf3 e6 3. g3 b6 4. Bg2 Bb7 5. 0-0 c5 6. c4 cxd4 7. Qxd4 d6 8. Nc3 a6 9. Rd1 Nbd7 10. b3 Be7 11. Ba3 Nc5 12. Rac1 0-0 13. Qe3 Qc7 14. h3 Rfe8 15. Nd4 Bxg2 16. Kxg2 Bf8 17. Qf3 Rac8 18. Bb2 Nfd7 19. Kh2 g6 20. Qe3 Bg7 21. Rc2 Qb8 22. Rcd2 Nf6 23. Qf3 d5 24. cxd5 Nxd5 25. Nxd5 exd5 26. Qxd5 Ne4 27. Nc6 Qb7 28. Ne5 Qxd5 29. Rxd5 Nxf2 30. Rf1 Rc2 31. Bd4 Bxe5 32. Bxf2 Rxe2 33. a4 Rc8 34. Rd3 Rcc2 35. Kg1 h5 36. Kg2 Kg7 37. Kf3 Bc7 38. Bd4+ f6 39. Be3 Rh2 40. Rd7+ Kf8 41. Ke4 Be5 42. Bd4 Rhe2+ 43. Kd3 0-1

[Event "ISL-chT1 1819"]
[Site "Reykjavik"]
[Date "2019.02.28"]
[Round "6.2"]
[White "Gislason, Gudmundur"]
[Black "Kristjansson, Atli Freyr"]
[Result "1-0"]
[WhiteElo "2315"]
[BlackElo "2177"]
[PlyCount "177"]
[EventDate "2018.11.08"]
[EventType "team-tourn"]
[EventRounds "9"]
[EventCountry "ISL"]
[SourceTitle "CBM 189 Extra"]
[Source "ChessBase"]
[SourceDate "2019.06.03"]
[SourceVersion "1"]
[SourceVersionDate "2019.06.03"]
[SourceQuality "1"]
[WhiteTeam "Breidjablik Bolungavik"]
[BlackTeam "Skakfelagidj Huginn II"]
[WhiteTeamCountry "ISL"]
[BlackTeamCountry "ISL"]

1. d4 d5 2. Nf3 Nf6 3. g3 c6 4. Bg2 Bf5 5. Nbd2 h6 6. h3 e6 7. c4 Nbd7 8. 0-0 Be7 9. b3 0-0 10. Bb2 Bh7 11. Ne5 Rc8 12. e3 c5 13. Qe2 cxd4 14. exd4 dxc4 15. bxc4 Nxe5 16. Qxe5 Qb6 17. Bc3 Bd3 18. Rfb1 Bxb1 19. Rxb1 Qd8 20. Rxb7 Bd6 21. Qe2 a5 22. c5 Bc7 23. Nc4 Nd5 24. Bd2 Rb8 25. Rxb8 Qxb8 26. Be4 Rd8 27. Nxa5 Qb2 28. Nc6 Nc3 29. Bh7+ Kxh7 30. Qd3+ Kg8 31. Bxc3 Qc1+ 32. Kg2 Ra8 33. d5 exd5 34. Ne7+ Kf8 35. Nxd5 Rd8 36. Qc4 Be5 37. c6 Kg8 38. c7 Bxc7 39. Ne7+ Kh7 40. Qxc7 Rd1 41. Qe5 Rg1+ 42. Kf3 Qd1+ 43. Qe2 Qb1 44. Qe4+ Qxe4+ 45. Kxe4 Rc1 46. Kd3 Rd1+ 47. Ke2 Rd7 48. Bb4 g6 49. a3 Kg7 50. Nc6 Kf6 51. Bd2 h5 52. a4 Rc7 53. Nd4 Rc4 54. a5 Ke5 55. Nb3 Kd5 56. Kd3 Ra4 57. Bc3 f5 58. Nd4 Ra2 59. Nc2 Kc5 60. h4 Kb5 61. f3 Kc5 62. Nd4 Kd5 63. Ne2 Kc5 64. Nf4 Kb5 65. Nxg6 Rg2 66. Be1 Rg1 67. Ke2 Rg2+ 68. Ke3 Kc4 69. Nf4 Ra2 70. Nxh5 Ra3+ 71. Ke2 Kd4 72. Nf4 Re3+ 73. Kf2 Ra3 74. Bd2 Ra1 75. Ke2 Rh1 76. Be1 Kc5 77. h5 Kb5 78. Bd2 Kc4 79. g4 Rh2+ 80. Ke3 fxg4 81. fxg4 Rh4 82. g5 Kc5 83. g6 Kd6 84. Ke4 Ke7 85. Kf5 Kf8 86. a6 Kg7 87. h6+ Kh8 88. a7 Rxh6 89. Bc3+ 1-0

[Event "ISL-chT1 1819"]
[Site "Reykjavik"]
[Date "2018.11.08"]
[Round "1.4"]
[White "Bergthorsson, Jon Thor"]
[Black "Gislason, Gudmundur"]
[Result "0-1"]
[WhiteElo "2145"]
[BlackElo "2315"]
[PlyCount "99"]
[EventDate "2018.11.08"]
[EventType "team-tourn"]
[EventRounds "9"]
[EventCountry "ISL"]
[SourceTitle "CBM 187 Extra"]
[Source "ChessBase"]
[SourceDate "2018.11.04"]
[SourceVersion "1"]
[SourceVersionDate "2018.11.04"]
[SourceQuality "1"]
[WhiteTeam "Skakdeild KR"]
[BlackTeam "Breidjablik Bolungavik"]
[WhiteTeamCountry "ISL"]
[BlackTeamCountry "ISL"]

1. Nf3 c5 2. e4 g6 3. Nc3 Bg7 4. g3 Nc6 5. Bg2 Nf6 6. 0-0 0-0 7. d3 d5 8. exd5 Nxd5 9. Nxd5 Qxd5 10. Ng5 Qd7 11. a3 b6 12. Rb1 Bb7 13. Be3 h6 14. Nf3 Nd4 15. Bxd4 cxd4 16. Qe2 Qc7 17. Ne1 Bxg2 18. Kxg2 Rac8 19. f4 Qd7 20. Qf3 f5 21. Rf2 Rf6 22. Re2 Rcc6 23. Rd1 g5 24. Kf1 g4 25. Qf2 Rfe6 26. Ng2 Rxe2 27. Qxe2 Qd5 28. Re1 Bf6 29. Qd2 Kf7 30. Re2 h5 31. Kg1 Qb5 32. b3 Qd5 33. a4 Re6 34. Rxe6 Kxe6 35. Qb4 Kd7 36. Qe1 a5 37. Qe2 e6 38. Ne1 h4 39. gxh4 Bxh4 40. Ng2 Be7 41. Qf2 Kc6 42. Ne1 Bd6 43. Kf1 Kc5 44. Ke2 Kb4 45. Kd1 e5 46. c4 dxc3 47. Qxb6+ Ka3 48. Kc1 Bb4 49. Qf2 Qxb3 50. fxe5 0-1

[Event "ISL-chT 1718"]
[Site "Reykjavik"]
[Date "2018.03.03"]
[Round "9.4"]
[White "Gislason, Gudmundur"]
[Black "Haraldsson, Haraldur"]
[Result "1-0"]
[WhiteElo "2307"]
[BlackElo "1979"]
[PlyCount "95"]
[EventDate "2017.10.19"]
[EventType "team-tourn"]
[EventRounds "9"]
[EventCountry "ISL"]
[SourceTitle "EXT 2019"]
[Source "ChessBase"]
[SourceDate "2018.10.10"]
[SourceVersion "1"]
[SourceVersionDate "2018.10.10"]
[SourceQuality "1"]
[WhiteTeam "Bolungarvik"]
[BlackTeam "Akureyri II"]
[WhiteTeamCountry "ISL"]
[BlackTeamCountry "ISL"]

1. d4 Nf6 2. c4 e6 3. Nf3 b6 4. g3 Bb7 5. Bg2 Bb4+ 6. Nbd2 0-0 7. 0-0 Be7 8. Qc2 c5 9. e4 Qc7 10. e5 Ne8 11. dxc5 bxc5 12. Ne4 f5 13. exf6 Nxf6 14. Bf4 Bxe4 15. Qxe4 Qb6 16. Qxa8 Nc6 17. Qxf8+ Kxf8 18. b3 h6 19. Rad1 g5 20. Bc1 Ke8 21. Bb2 Nb4 22. a3 Nc6 23. Rd3 g4 24. Ne5 Nxe5 25. Bxe5 d6 26. Bf4 Bf8 27. Rfd1 e5 28. Bd2 a5 29. h3 h5 30. Bg5 Kf7 31. f4 e4 32. Re3 a4 33. bxa4 gxh3 34. Bxh3 Ng4 35. Bxg4 hxg4 36. f5 Qa6 37. Rxe4 Qxa4 38. Rde1 Qxa3 39. Bh4 Qd3 40. f6 d5 41. Rxg4 Bh6 42. Re7+ Kf8 43. Kg2 Be3 44. Rgg7 Qe2+ 45. Kh3 Qf1+ 46. Kg4 Qxc4+ 47. Kh5 d4 48. Rd7 1-0

[Event "Reykjavik Northern Lights op"]
[Site "Reykjavik"]
[Date "2017.11.15"]
[Round "9"]
[White "Hebden, Mark"]
[Black "Gislason, Gudmundur"]
[Result "1/2-1/2"]
[WhiteElo "2460"]
[BlackElo "2318"]
[PlyCount "109"]
[EventDate "2017.11.10"]
[EventType "swiss"]
[EventRounds "9"]
[EventCountry "ISL"]
[SourceTitle "CBM 181 Extra"]
[Source "ChessBase"]
[SourceDate "2017.12.12"]
[SourceVersion "1"]
[SourceVersionDate "2017.12.12"]
[SourceQuality "1"]

1. d4 Nf6 2. Bf4 d6 3. Nc3 Nbd7 4. Nf3 c5 5. e3 g6 6. h3 Bg7 7. Bh2 0-0 8. Be2 cxd4 9. exd4 Nb6 10. 0-0 Bf5 11. Re1 Rc8 12. a4 Ne4 13. Nxe4 Bxe4 14. c3 Bd5 15. Nd2 a5 16. Bb5 e6 17. Qe2 Qe7 18. c4 Bc6 19. Bxc6 bxc6 20. Ne4 Rfd8 21. Nxd6 Rxd6 22. Bxd6 Qxd6 23. c5 Qxd4 24. cxb6 Qxb6 25. Rac1 Bd4 26. Rc2 c5 27. Rd1 Rb8 28. Qc4 Qd6 29. Qd3 Rb4 30. Kh1 Qd5 31. f3 Rxa4 32. Qb5 Rb4 33. Qxa5 Rb3 34. Qe1 Qf5 35. Rdd2 Re3 36. Qd1 Qf4 37. Re2 Rb3 38. Re4 Qb8 39. Rxd4 cxd4 40. Qxd4 Rb7 41. f4 Rb3 42. Rd2 Qc8 43. Kh2 Qc1 44. Qd6 Qe1 45. Qd8+ Kg7 46. Qd4+ f6 47. Rf2 Rb7 48. Rc2 e5 49. Qd6 Qe4 50. Rf2 exf4 51. Rxf4 Qe5 52. Qxe5 fxe5 53. Rf2 Rb3 54. Kg1 e4 55. Kf1 1/2-1/2

[Event "Reykjavik Northern Lights op"]
[Site "Reykjavik"]
[Date "2017.11.14"]
[Round "7"]
[White "Birkisson, Bardur Orn"]
[Black "Gislason, Gudmundur"]
[Result "0-1"]
[WhiteElo "2198"]
[BlackElo "2318"]
[PlyCount "88"]
[EventDate "2017.11.10"]
[EventType "swiss"]
[EventRounds "9"]
[EventCountry "ISL"]
[SourceTitle "CBM 181 Extra"]
[Source "ChessBase"]
[SourceDate "2017.12.12"]
[SourceVersion "1"]
[SourceVersionDate "2017.12.12"]
[SourceQuality "1"]

1. c4 c5 2. g3 g6 3. Bg2 Bg7 4. Nc3 Nf6 5. Nf3 0-0 6. 0-0 d5 7. cxd5 Nxd5 8. Nxd5 Qxd5 9. d3 Nc6 10. Nd2 Qd7 11. Nc4 b6 12. a4 Ba6 13. Be3 Rac8 14. Qb3 Qe6 15. Rab1 Rfd8 16. Nd2 Qxb3 17. Nxb3 c4 18. dxc4 Bxc4 19. Nc1 Nd4 20. Bxd4 Rxd4 21. b3 Be6 22. Nd3 Rc3 23. b4 Bf5 24. Rfc1 Bxd3 25. exd3 Rxb4 26. Rxb4 Rxc1+ 27. Bf1 e6 28. Kg2 Kf8 29. Rc4 Rxc4 30. dxc4 Ke7 31. c5 bxc5 32. Kf3 Bd4 33. Bc4 f5 34. Ke2 g5 35. h3 h5 36. f3 h4 37. g4 Kf6 38. Bb3 Ke5 39. Bc4 fxg4 40. fxg4 Kf4 41. Bxe6 Kg3 42. Bc4 Kxh3 43. Kf3 Kh2 44. a5 Kg1 0-1

[Event "Reykjavik Northern Lights op"]
[Site "Reykjavik"]
[Date "2017.11.12"]
[Round "5"]
[White "Gislason, Gudmundur"]
[Black "Williams, Simon Kim"]
[Result "0-1"]
[WhiteElo "2318"]
[BlackElo "2437"]
[PlyCount "44"]
[EventDate "2017.11.10"]
[EventType "swiss"]
[EventRounds "9"]
[EventCountry "ISL"]
[SourceTitle "CBM 181 Extra"]
[Source "ChessBase"]
[SourceDate "2017.12.12"]
[SourceVersion "1"]
[SourceVersionDate "2017.12.12"]
[SourceQuality "1"]

1. Nf3 f5 2. d4 e6 3. e3 Nf6 4. Bd3 b6 5. Qe2 Bb7 6. Nbd2 Ne4 7. Rg1 Be7 8. Ne5 0-0 9. f3 d6 10. Nec4 Nf6 11. Nf1 c5 12. dxc5 bxc5 13. Ncd2 d5 14. c4 Nc6 15. b3 Nd7 16. Bb2 Bf6 17. Bxf6 Qxf6 18. Rd1 d4 19. Bb1 Rad8 20. a3 Nde5 21. e4 d3 22. Qe3 Nd4 0-1

[Event "Reykjavik Northern Lights op"]
[Site "Reykjavik"]
[Date "2017.11.10"]
[Round "1"]
[White "Kveinys, Aloyzas"]
[Black "Gislason, Gudmundur"]
[Result "1-0"]
[WhiteElo "2545"]
[BlackElo "2318"]
[PlyCount "51"]
[EventDate "2017.11.10"]
[EventType "swiss"]
[EventRounds "9"]
[EventCountry "ISL"]
[SourceTitle "CBM 181 Extra"]
[Source "ChessBase"]
[SourceDate "2017.12.12"]
[SourceVersion "1"]
[SourceVersionDate "2017.12.12"]
[SourceQuality "1"]

1. e4 c5 2. Nf3 g6 3. d4 Bg7 4. dxc5 Qa5+ 5. c3 Qxc5 6. Na3 Nf6 7. e5 Ng4 8. Qd4 d6 9. Bb5+ Nc6 10. Qxc5 dxc5 11. Bxc6+ bxc6 12. Bf4 Be6 13. h3 Nh6 14. Nd2 Rb8 15. 0-0-0 Bxa2 16. Nac4 0-0 17. Kc2 Rb5 18. Ra1 Bxc4 19. Nxc4 f6 20. Bxh6 Bxh6 21. e6 Rb7 22. Rhd1 Rc8 23. Rd7 Rcc7 24. Rd8+ Kg7 25. g3 f5 26. Na5 1-0

[Event "ISL-chT 1718"]
[Site "Reykjavik"]
[Date "2017.10.22"]
[Round "5.2"]
[White "Gislason, Gudmundur"]
[Black "Aabling Thomsen, Jakob"]
[Result "1-0"]
[WhiteElo "2307"]
[BlackElo "2390"]
[PlyCount "69"]
[EventDate "2017.10.19"]
[EventType "team-tourn"]
[EventRounds "9"]
[EventCountry "ISL"]
[SourceTitle "CBM 181 Extra"]
[Source "ChessBase"]
[SourceDate "2017.12.12"]
[SourceVersion "1"]
[SourceVersionDate "2017.12.12"]
[SourceQuality "1"]
[WhiteTeam "Bolungarvik"]
[BlackTeam "Akureyri"]
[WhiteTeamCountry "ISL"]
[BlackTeamCountry "ISL"]

1. d4 f5 2. Nf3 Nf6 3. Bg5 e6 4. e3 h6 5. Bh4 g5 6. Bg3 d6 7. Nbd2 Bg7 8. Bd3 Nc6 9. c3 Qe7 10. Qc2 Bd7 11. 0-0-0 0-0-0 12. Kb1 Rhf8 13. h3 Nh5 14. Bh2 e5 15. d5 Nb8 16. e4 g4 17. Ng1 fxe4 18. Nxe4 gxh3 19. Nxh3 Bxh3 20. gxh3 Nd7 21. Ng3 Nxg3 22. fxg3 Kb8 23. g4 Rf3 24. Bg1 Nc5 25. Bf5 Qg5 26. b4 e4 27. h4 Qf6 28. Bd4 Qf8 29. bxc5 dxc5 30. Bxg7 Qxg7 31. Qxe4 Rxc3 32. Rhe1 Ra3 33. Qe8 Qf6 34. Re6 Qxh4 35. Re7 1-0

[Event "ISL-chT 1718"]
[Site "Reykjavik"]
[Date "2017.10.19"]
[Round "1.2"]
[White "Olafsson, Helgi"]
[Black "Gislason, Gudmundur"]
[Result "0-1"]
[WhiteElo "2512"]
[BlackElo "2307"]
[PlyCount "76"]
[EventDate "2017.10.19"]
[EventType "team-tourn"]
[EventRounds "9"]
[EventCountry "ISL"]
[SourceTitle "CBM 181 Extra"]
[Source "ChessBase"]
[SourceDate "2017.12.12"]
[SourceVersion "1"]
[SourceVersionDate "2017.12.12"]
[SourceQuality "1"]
[WhiteTeam "Huginn"]
[BlackTeam "Bolungarvik"]
[WhiteTeamCountry "ISL"]
[BlackTeamCountry "ISL"]

1. c4 g6 2. g3 Bg7 3. Bg2 c5 4. Nc3 Nc6 5. Nf3 Nh6 6. d4 cxd4 7. Nxd4 Nxd4 8. Bxh6 Bxh6 9. Qxd4 0-0 10. 0-0 Bg7 11. Qe3 e6 12. Rac1 Qa5 13. Rfd1 f5 14. Qd2 a6 15. e3 Rb8 16. a3 Rd8 17. Rc2 d6 18. e4 Bd7 19. exf5 gxf5 20. Qxd6 Bf8 21. Qf4 Be8 22. Rxd8 Qxd8 23. Rd2 Qc8 24. g4 Bg6 25. gxf5 Bxf5 26. Be4 Bg7 27. Bxf5 exf5 28. Nd5 Kh8 29. Re2 Qf8 30. b4 Rd8 31. Qf3 b5 32. c5 Qf7 33. Re7 Qg8 34. Kf1 Rxd5 35. c6 Re5 36. Rxe5 Bxe5 37. Qxf5 Qc4+ 38. Kg1 Qc1+ 0-1

[Event "ISL-ch"]
[Site "Hafnarfjordur"]
[Date "2017.05.20"]
[Round "9"]
[White "Gislason, Gudmundur"]
[Black "Stefansson, Vignir Vatnar"]
[Result "1-0"]
[WhiteElo "2336"]
[BlackElo "2334"]
[PlyCount "49"]
[EventDate "2017.05.10"]
[EventType "tourn"]
[EventRounds "9"]
[EventCountry "ISL"]
[EventCategory "6"]
[SourceTitle "CBM 178 Extra"]
[Source "ChessBase"]
[SourceDate "2017.06.22"]
[SourceVersion "1"]
[SourceVersionDate "2017.06.22"]
[SourceQuality "1"]

1. d4 Nf6 2. c4 e6 3. Nc3 c5 4. Nf3 cxd4 5. Nxd4 d5 6. Bf4 Bc5 7. e3 0-0 8. Ndb5 Nc6 9. cxd5 Nxd5 10. Nxd5 exd5 11. Bd3 Bb4+ 12. Kf1 Be6 13. Nc7 Qf6 14. Nxa8 Rxa8 15. a3 Bf8 16. Qe2 g5 17. Bg3 d4 18. e4 Ne5 19. Bxe5 Qxe5 20. Qh5 f6 21. h4 Bf7 22. Qf3 Be6 23. hxg5 fxg5 24. Qh5 Qg7 25. Rc1 1-0